"Podpaľač" sa môže hodiť

Bibliographic Details
Main Author: Hašan, Miroslav, 1950- (Author)
Format: Article
Language:Slovak
PhysicalDescription:Fotogr.
ISSN:0139-7001
Subjects:

MARC

LEADER 00000nab a2200000 a 4500
001 vtls000847930
003 SK-MaSNL
005 20260303185014.0
008 160322c2003 xo 0 slo
015 |a SNBRB2003/10-28156 
035 |a CLN000199585 
040 |a SNKBUCL  |b slo  |c SNKBUCL  |e AACR2 
041 0 |a slo 
044 |a xo  |c SK 
080 |a 796.332.071  |2 UDC-MRF-SK2 
080 |a 929 Hološka, Filip  |2 UDC-MRF-SK2 
100 1 |a Hašan, Miroslav,  |d 1950-  |4 aut  |9 838412 
245 1 0 |a "Podpaľač" sa môže hodiť  |c Miroslav Hašan 
300 |b Fotogr. 
600 1 7 |a Hološko, Filip,  |d 1984-  |2 snkbucl  |9 231589 
655 7 |a články z novín a časopisov  |2 snkbucl  |9 267496 
773 0 |x 0139-7001  |t Šport  |g Roč. 57, č. 225 (1.10.2003), s. 12 
850 |a Slovenská národná knižnica v Martine 
852 |a SNK  |b KIS3GCP 
958 |a BX 
958 |a RBX 
999 |c 2129366  |d 2131296